Największe europejskie miasta na literę K - Quiz z mapą - Statystyki

Ogólne statystyki
  • Ten quiz został rozwiązany 137 razy
  • Średni wynik to 12 z 20
Odpowiedzi na mapie
Odpowiedzi zakodowano w zielono-czerwonej skali na mapie do tego quizu, zgodnie z poniższymi procentami.
 
Statystyki odpowiedzi
Liczba
Ludności
Kraj Miasto % Poprawnych
806200 Polska Kraków
98%
2967360 Ukraina Kijów
96%
653664 Dania Kopenhaga
94%
493256 Rosja Królewiec
92%
280190 Polska Katowice
91%
1087353 Niemcy Kolonia
89%
665500 Mołdawia Kiszyniów
88%
304210 Litwa Kowno
82%
298762 Włochy Katania
61%
247717 Niemcy Kilonia
55%
286598 Rumunia Kluż-Napoka
51%
1138654 Rosja Krasnodar
49%
319515 Hiszpania Kordoba
46%
452976 Rosja Kursk
45%
680000 Ukraina Krzywy Róg
38%
263688 Rumunia Konstanca
33%
308708 Niemcy Karlsruhe
24%
270810 Wielka Brytania Kingston upon Hull
20%
331842 Rosja Kaługa
9%
276929 Rosja Kostroma
7%
Nie znaleziono quizów pasujących do podanych kryteriów
Rozkład punktacji
Procent ludzi z każdym wynikiem
Percentyl według liczby udzielonych odpowiedzi
Twoja historia wyników
Nie rozwiązałeś tego quizu